| 000 | 01050 a2200217 4500 | ||
|---|---|---|---|
| 003 | Nust | ||
| 005 | 20170207154031.0 | ||
| 010 | _a 2001055249 | ||
| 020 | _a1580531830 (alk. paper) | ||
| 040 | _cNust | ||
| 082 | 0 | 0 | _a910.285 |
| 100 | 1 | _aEl-Rabbany, Ahmed. | |
| 245 | 1 | 0 |
_aIntroduction to GPS (E-BOOK) _bthe Global Positioning System / _cAhmed El-Rabbany. |
| 260 |
_aBoston, MA : _bArtech House, _cc2002. |
||
| 300 |
_axv, 176 p. : _bill., maps ; _c24 cm. |
||
| 440 | 0 | _aArtech House mobile communications series | |
| 505 | 8 | _aIntroduction (Page-1),GPS Details (Page-13), GPS Satellite Orbit (Page-27),GPS Errors and Biases (Page-47), GPS Positioning Modes (Page-69),Ambiguity Resolution Techniques (Page-85), GPS Data and Correction Services (Page-91), Common GPS Standard Formats (Page-101),GPS Integration (Page-117),GPS Applications (Page-129),Other Global Satellite Navigation Systems (Page-155). | |
| 650 | 0 | _aGlobal Positioning System. | |
| 651 | _aE-BOOK | ||
| 856 | 4 | 1 |
_3Table of contents _uhttp://www.loc.gov/catdir/toc/fy031/2001055249.html |
| 942 |
_2ddc _cBK |
||
| 999 |
_c192181 _d192181 |
||